000
00199 a2200097 4500
020
_a
9780307269980
041
_a
eng
100
_a
Larsson, Stieg
245
_a
The girl who played with fire
942
_c
BK
999
_c
8454
_d
8454